La iniciativa de la Cuenca del Caribe . Discurso del Presidente Ronald Reagan ante la Organización de los Estados Americanos
Gorde:
| Egile nagusia: | |
|---|---|
| Formatua: | Texto |
| Argitaratua: |
Washington D.C.:
s.e.
|
| Etiketak: |
Etiketa erantsi
Etiketarik gabe, Izan zaitez lehena erregistro honi etiketa jartzen!
|
MARC
| LEADER | 00000 a a2200000 04500 | ||
|---|---|---|---|
| 001 | 23013 | ||
| 003 | |||
| 040 | |||
| 090 | |a 158600 | ||
| 100 | |a Reagan, Ronald | ||
| 245 | |a La iniciativa de la Cuenca del Caribe . Discurso del Presidente Ronald Reagan ante la Organización de los Estados Americanos | ||
| 260 | |a Washington D.C.: |b s.e. | ||
| 300 | |a 15 p. | ||
| 999 | |c 15623 |d 15623 | ||
